Movies Quiz

Random Movies or Clickable Quiz

Follow That Lyric: Movie Musicals Quiz Stats

 Plays Quiz Updated Nov 3, 2012

Challenge
Share
Tweet
Embed
Score 0/25 Timer 06:00
9 Plays Today
% Correct
What a glorious feelin'
88.5%
With songs they have sung for a thousand years
87%
Having the time of your life
86.8%
Trick or treat till the neighbors gonna die of fright
84.8%
In daylight, in sunsets, in midnights, in cups of coffee
77.9%
Tuppence a bag
76.8%
And still have begged for more
75%
And blow on some other guy's dice
74.8%
The corn is as high as an elephant's eye
73.9%
Every day like the one before
72%
Everything about it is appealing
70.3%
He had it coming
68.4%
What does he care if de world's got troubles?
64.8%
% Correct
I saw you and the world went away
63%
It's so nice to have you back where you belong
62.7%
If I die, it won't be from sitting
60.1%
It's called Hernando's Hideaway
55.8%
And the Journal too
55.4%
Try the priest
54.2%
Hey, Mister Arnstein, here I am
53.1%
Like I've never seen the sky before
51.4%
Come hear the music play
51.1%
We've still got time
43.6%
Our games of make-believe are at an end
42%
The music playing on for only two
37.8%

You're not logged in!

Compare scores with friends on all Sporcle quizzes.
Join for Free
OR
Log In

You Might Also Like...

Show Comments

Extras

Top Quizzes Today


Score Distribution

Your Account Isn't Verified!

In order to create a playlist on Sporcle, you need to verify the email address you used during registration. Go to your Sporcle Settings to finish the process.

Report this User

Report this user for behavior that violates our Community Guidelines.

Details: